000 00453nam a2200193Ia 4500
003 OSt
005 20250915105243.0
008 250729s2004 xx 000 0 und d
020 _a978-8176485241
040 _cAL
041 _aeng
082 _a574.07 CHOPT
100 _aChoudary S
_9222528
245 _aTeaching of biology
260 _aNew Delhi
_bA P H Publishing
_c2004
300 _a346p
650 _aBiology
_9222529
942 _2ddc
_cBED
999 _c235505
_d235505